Manual de diseño para estructuras de acero
Guardat en:
| Autor corporatiu: | , |
|---|---|
| Format: | Llibre |
| Idioma: | espanyol |
| Publicat: |
Santiago
ICHA
2001
|
| Matèries: | |
| Etiquetes: |
Afegir etiqueta
Sense etiquetes, Sigues el primer a etiquetar aquest registre!
|
MARC
| LEADER | 00000nam a2200000 a 4500 | ||
|---|---|---|---|
| 001 | UCM7027 | ||
| 003 | CL-VaPUC | ||
| 008 | 021129e20010000CL |||||||||||||||||spa|d | ||
| 020 | |a 9568149007 | ||
| 082 | 0 | 4 | |a 624.1821 |b INS |2 21 |
| 110 | 2 | |a Instituto Chileno del Acero |e author |9 472775 | |
| 710 | 2 | |a ICHA |e author |9 472776 | |
| 245 | 1 | 0 | |a Manual de diseño para estructuras de acero |
| 300 | |a 880 p | ||
| 942 | |c BK | ||
| 945 | |d 20021129 00:00:00 |a vberengu | ||
| 260 | |a Santiago |b ICHA |c 2001 | ||
| 650 | 0 | |a Acero estructural |9 306233 | |
| 650 | 0 | |a Diseño de estructuras |9 260345 | |
| 583 | |a last modification |c 20021129 00:00:00 |k Rodrigo Vera | ||
| 999 | |c 302062 |d 302060 | ||
| 952 | |0 0 |1 0 |4 0 |6 624_182100000000000_INS_2001 |7 0 |8 A |9 362072 |a BIBING |b BIBING |d 2019-11-21 |i 3866882 |o 624.1821 INS 2001 |p 3866882 |r 2025-01-20 |w 2019-11-21 |y BK |k CCL | ||
| 952 | |0 0 |1 0 |4 0 |6 624_182100000000000_INS_2001 |7 0 |8 A |9 362073 |a BIBING |b BIBING |d 2019-11-21 |i 3904067 |o 624.1821 INS 2001 |p 3904067 |r 2025-01-20 |w 2019-11-21 |y BK |k CCL | ||
| 952 | |0 0 |1 0 |4 0 |6 624_182100000000000_INS_2001 |7 0 |8 A |9 362074 |a BIBING |b BIBING |d 2019-11-21 |i 3904075 |o 624.1821 INS 2001 |p 3904075 |r 2025-01-20 |w 2019-11-21 |y BK |k CCL | ||
| 952 | |0 0 |1 0 |2 ddc |4 0 |6 624_182100000000000_INS_2001 |7 0 |8 A |9 362075 |a BIBMEC |b BIBMEC |d 2019-11-21 |i 3958442 |o 624.1821 INS 2001 |p 3958442 |r 2024-01-19 |w 2019-11-21 |y BK_P |k MEC | ||
| 952 | |0 0 |1 0 |4 0 |6 624_182100000000000_INS_2001 |7 0 |8 A |9 362076 |a BIBING |b BIBING |d 2019-11-21 |i 4208838 |o 624.1821 INS 2001 |p 4208838 |r 2025-01-20 |w 2019-11-21 |y BK |k CIC | ||